| 000 | 006100000a22001930004500 | ||
|---|---|---|---|
| 005 | 20170207113355.0 | ||
| 008 | 170207b xxu||||| |||| 00| 0 spa d | ||
| 040 |
_aCO-BoIAVH _cCO-BoIAVH |
||
| 041 | _aspa | ||
| 090 |
_aMM _b00231 |
||
| 111 | 2 |
_aSimposio Internacional Guadua 2004 _cPereira _dSeptiembre 27, Octubre 2, 2004 _978955 |
|
| 245 | 1 | 0 | _aSimposio Internacional Guadua 2004 |
| 257 | _aColombia | ||
| 264 |
_aPereira: _bUniversidad Tecnológica de Pereira, _c2004. |
||
| 300 |
_aCD-ROM _b1 |
||
| 650 |
_aGuadua _xconstrucciones _978956 |
||
| 651 |
_aColombia _zEje Cafetero _978957 |
||
| 942 |
_cCD-ROM _2z |
||
| 999 |
_c16614 _d16614 |
||